Познай държавите в Африка - Statistics

General Stats
  • This quiz has been taken 174 times
  • The average score is 24 of 54
Answers on the Map
Answers color-coded by a green-red scale on the quiz's map according to % correct below.
 
Answer Stats
Answer % Correct
Алжир
90%
Чад
68%
Мали
67%
Сомалия
66%
Етиопия
62%
Мавритания
62%
Либия
61%
Судан
59%
Египет
59%
Мароко
58%
Ангола
57%
Мадагаскар
57%
Нигерия
56%
Тунис
56%
ЦАР
54%
Нигер
52%
Сенегал
51%
Конго
49%
Кения
48%
Есватини
47%
Екваториална Гвинея
47%
Уганда
47%
ДР Конго
47%
ЮАР
47%
Кот д'Ивоар
46%
Еритрея
46%
Либерия
41%
Камерун
41%
Южен Судан
41%
Гамбия
39%
Того
39%
Руанда
38%
Малави
38%
Габон
37%
Лесото
37%
Ботсвана
35%
Мозамбик
35%
Джибути
35%
Мавриций
34%
Сао Томе и Принсипи
33%
Зимбабве
33%
Замбия
32%
Намибия
32%
Сиера Леоне
30%
Кабо Верде
29%
Гана
29%
Сейшели
28%
Буркина Фасо
28%
Бенин
28%
Танзания
28%
Гвинея Бисау
25%
Гвинея
25%
Комори
22%
Бурунди
19%
No matching quizzes found
Score Distribution
Percent of People with Each Score
Percentile by Number Answered
Your Score History
You have not taken this quiz